000 00770nam a22002055i 4500
001 178481
003 ES-MaACL
005 20250902030434.0
008 110602s1969 sp |||| | spa d
080 _a658.78
100 1 _aMuro Saenz, Javier.
_9146884
245 1 0 _aMetodología práctica de la gestión de stocks
_b: (a través de los procesos estocásticos) /
_cpor Javier Muro Saenz.
260 _aMadrid :
_bICE,
_cD. L. 1969.
300 _aVIII, 248 p. ;
_c24 cm.
490 1 _aSelecciones de economía de la empresa. Serie B : Técnicas de gestión ;
_v7
650 0 4 _aGestión de stocks.
_913117
830 0 0 _aSelecciones de economía de la empresa (ICE)
_v7
_9190989
852 _aES-MaACL
_jE-15231
_xOlim P-1278
999 _c178481
_d178481